Dementia Care: a care worker handbook /. (Record no. 6375)

MARC details
000 -LEADER
fixed length control field 00414nam a22001457a 4500
008 - FIXED-LENGTH DATA ELEMENTS--GENERAL INFORMATION
fixed length control field 170609b xxu||||| |||| 00| 0 eng d
020 ## - INTERNATIONAL STANDARD BOOK NUMBER
International Standard Book Number 9781444163223
050 ## - LIBRARY OF CONGRESS CALL NUMBER
Classification number RC521.G66
100 ## - MAIN ENTRY--PERSONAL NAME
Personal name Goode,Belinda and Booth,Gayle.
245 ## - TITLE STATEMENT
Title Dementia Care: a care worker handbook /.
260 ## - PUBLICATION, DISTRIBUTION, ETC.
Place of publication, distribution, etc. London.
Name of publisher, distributor, etc. Hodder Education,
Date of publication, distribution, etc. 2012.
300 ## - PHYSICAL DESCRIPTION
Extent ix,206p . : ill.;
Dimensions 24cm.
500 ## - GENERAL NOTE
General note Includes index.
942 ## - ADDED ENTRY ELEMENTS (KOHA)
Source of classification or shelving scheme Library of Congress Classification
Koha item type Books
Holdings
Withdrawn status Lost status Source of classification or shelving scheme Damaged status Not for loan Home library Current library Shelving location Date acquired Total Checkouts Full call number Barcode Date last seen Copy number Price effective from Koha item type
    Library of Congress Classification     WISCONSIN INTERNATIONAL UNIVERSITY COLLEGE, GHANA - MAIN LIBRARY WISCONSIN INTERNATIONAL UNIVERSITY COLLEGE, GHANA - MAIN LIBRARY nursing 09/06/2017   RC521.G66 NURS/284/17 09/06/2017 1 09/06/2017 Books

If you have any concerns or questions; kindly contact the library


© Powered by WIUC ICT DIRECTORATE